000 00775nmm a2200301 a 4500
003 AR-BaBNM
005 20251128205932.0
008 049019s1976 ||||||||||||||000 | spa||
020 _a84-7232-131-2
040 _cAR-BaBNM
100 1 _aCarballo Picazo, Alfredo
245 1 0 _aEspañol para estudiantes angloamericanos
260 _aMadrid
_bEdiciones Cultura Hispánica
_c1976
300 0 _a379 p.
_bil.
650 4 _aESPANOL
650 4 _aENSENANZA DE IDIOMAS
650 4 _aLENGUA EXTRANJERA
650 4 _aDIDACTICA
650 4 _aLINGUISTICA
650 4 _aMEDIOS DE ENSENANZA
650 4 _aFILOLOGIA
650 4 _aACTIVIDADES DE APRENDIZAJE
650 4 _aGRAMATICA
650 4 _aFONOLOGIA
650 4 _aVOCABULARIO
942 _cBK
998 _cMARTIN
999 _c13376
_d13376